Quantum physics
This is a two-year introductory college physics course for students majoring in science and engineering. The intertion of the writers has been to present physics in so far as possible as it appears to physicists working on the forefront of their field.
Na minha lista:
| Autor principal: | |
|---|---|
| Formato: | Livro |
| Idioma: | Undetermined |
| Publicado em: |
New York
McGraw-Hill
1971
|
| Assuntos: | |
| Tags: |
Adicionar Tag
Sem tags, seja o primeiro a adicionar uma tag!
|
| Thư viện lưu trữ: | Trung tâm Học liệu Trường Đại học Cần Thơ |
|---|
| LEADER | 00771nam a2200193Ia 4500 | ||
|---|---|---|---|
| 001 | CTU_2161 | ||
| 008 | 210402s9999 xx 000 0 und d | ||
| 082 | |a 530.12 | ||
| 082 | |b W635/Vol.4 | ||
| 100 | |a Wichman, Eyvind H. | ||
| 245 | 0 | |a Quantum physics | |
| 245 | 0 | |c Eyvind H. Wichman | |
| 260 | |a New York | ||
| 260 | |b McGraw-Hill | ||
| 260 | |c 1971 | ||
| 520 | |a This is a two-year introductory college physics course for students majoring in science and engineering. The intertion of the writers has been to present physics in so far as possible as it appears to physicists working on the forefront of their field. | ||
| 650 | |a Quantum theory,Lý thuyết lượng tử | ||
| 904 | |i Minh, Hải | ||
| 980 | |a Trung tâm Học liệu Trường Đại học Cần Thơ | ||